| 000 | 00533nam a2200181Ia 4500 | ||
|---|---|---|---|
| 999 |
_c7907 _d7907 |
||
| 003 | OSt | ||
| 005 | 20200125110627.0 | ||
| 008 | 190216s9999||||xx |||||||||||||| ||und|| | ||
| 020 | _a9788130910468 | ||
| 040 | _coclc | ||
| 082 |
_a658.404 _bBOY/P |
||
| 100 |
_aBoyce, Tim _91535 |
||
| 245 | 0 |
_aProject Risk Management : _bThe Commercial Dimension / _cTim Boyce |
|
| 260 |
_bViva Book, _c2009. _aNew Delhi: |
||
| 300 | _a133p | ||
| 650 | _aProject Management | ||
| 942 |
_cBK _2ddc _h658.404 _iBOY/P _k658.404 _mBOY/P |
||